[Event "Canadian op"]
[Site "Calgary"]
[Date "2023.07.30"]
[Round "10"]
[White "Aljo, Johan"]
[Black "Offengenden, Ron"]
[Result "1/2-1/2"]
[WhiteElo "1754"]
[BlackElo "1616"]
[PlyCount "69"]
[EventDate "2023.07.22"]
[EventType "swiss"]
[EventRounds "10"]
[EventCountry "CAN"]
[SourceTitle "EXT 2024"]
[Source "ChessBase"]
[SourceDate "2023.10.10"]
[SourceVersion "1"]
[SourceVersionDate "2023.10.10"]
[SourceQuality "1"]

1. d4 d5 2. c4 e6 3. g3 Nf6 4. Bg2 dxc4 5. Nf3 Be7 6. 0-0 0-0 7. Qc2 a6 8. a4 Nbd7 9. Nbd2 c5 10. dxc5 Nxc5 11. Nxc4 Bd7 12. Nfe5 Bxa4 13. Rxa4 Nxa4 14. Qxa4 b5 15. Qa2 bxc4 16. Nc6 Qd7 17. Nxe7+ Qxe7 18. Bxa8 Rxa8 19. Qxc4 Qb7 20. Rd1 Rc8 21. Qd4 Qb5 22. Kg2 h6 23. Qd3 Qxd3 24. exd3 Rc2 25. Kf3 Nd5 26. h4 h5 27. Be3 Nxe3 28. Kxe3 Rxb2 29. Ra1 Rb6 30. Rc1 Rb5 31. Rc8+ Kh7 32. Ra8 a5 33. Ra7 Kg6 34. Ra6 Kf5 35. Ra7 1/2-1/2

[Event "Banff op"]
[Site "Banff"]
[Date "2021.11.12"]
[Round "1"]
[White "Sequillion, Aaron"]
[Black "Offengenden, Ron"]
[Result "0-1"]
[WhiteElo "1992"]
[BlackElo "1564"]
[PlyCount "66"]
[EventDate "2021.11.12"]
[EventType "swiss"]
[EventRounds "6"]
[EventCountry "CAN"]
[SourceTitle "CBM 205 Extra"]
[Source "ChessBase"]
[SourceDate "2022.01.31"]
[SourceVersion "1"]
[SourceVersionDate "2022.01.31"]
[SourceQuality "1"]

1. e4 e5 2. Nc3 Nf6 3. f4 d6 4. Nf3 Bg4 5. h3 Bxf3 6. Qxf3 a6 7. d3 Nc6 8. f5 Nd4 9. Qf2 Be7 10. Be3 Nh5 11. 0-0-0 Bh4 12. Qd2 Ng3 13. Rg1 c6 14. Ne2 Ndxe2+ 15. Bxe2 d5 16. exd5 cxd5 17. d4 Nxf5 18. Kb1 e4 19. Bf4 Ng3 20. Bg4 0-0 21. Qe3 f5 22. Bxg3 fxg4 23. hxg4 Bxg3 24. Qxg3 Rc8 25. Rh1 Qc7 26. Qb3 Qc4 27. Qxc4 Rxc4 28. Rh5 Rxd4 29. Rdh1 e3 30. Re5 Re4 31. Rxe4 dxe4 32. Re1 e2 33. Kc1 e3 0-1

[Event "CAN-ch U08"]
[Site "Windsor"]
[Date "2015.07.07"]
[Round "3.121"]
[White "Offengenden, Ron"]
[Black "Atanasov, Anthony"]
[Result "0-1"]
[WhiteElo "1193"]
[BlackElo "1356"]
[PlyCount "80"]
[EventDate "2015.07.06"]
[EventType "swiss"]
[EventRounds "7"]
[EventCountry "CAN"]
[SourceTitle "EXT 2022"]
[Source "ChessBase"]
[SourceDate "2021.10.06"]
[SourceVersion "1"]
[SourceVersionDate "2021.10.06"]
[SourceQuality "1"]

1. d4 f5 2. Nf3 Nf6 3. Nc3 g6 4. Bf4 Bg7 5. Be5 0-0 6. Bxf6 Rxf6 7. e3 Rb6 8. b3 c5 9. Bc4+ Kh8 10. Ng5 Rf6 11. Nd5 Rf8 12. 0-0 e6 13. Nf4 Qxg5 14. a4 cxd4 15. Nh3 Qh4 16. exd4 Bxd4 17. g3 Qf6 18. Rb1 Nc6 19. b4 Ne5 20. Be2 b6 21. Kh1 Bb7+ 22. f3 Ng4 23. Qe1 Ne3 24. c3 Bxc3 25. Qc1 Nxf1 26. Qxf1 g5 27. b5 Qh6 28. Rd1 Rad8 29. Rc1 Rc8 30. Qd1 g4 31. Rxc3 Rxc3 32. Qd4+ Qg7 33. Qxg7+ Kxg7 34. Nf4 gxf3 35. Bf1 e5 36. Kg1 exf4 37. gxf4 Rc2 38. Bh3 f2+ 39. Kf1 Re8 40. Bg2 Re1# 0-1

[Event "CAN-ch U08"]
[Site "Windsor"]
[Date "2015.07.06"]
[Round "1.127"]
[White "Offengenden, Ron"]
[Black "Mak, Logan Jason"]
[Result "1-0"]
[WhiteElo "1193"]
[BlackElo "798"]
[PlyCount "55"]
[EventDate "2015.07.06"]
[EventType "swiss"]
[EventRounds "7"]
[EventCountry "CAN"]
[SourceTitle "EXT 2022"]
[Source "ChessBase"]
[SourceDate "2021.10.06"]
[SourceVersion "1"]
[SourceVersionDate "2021.10.06"]
[SourceQuality "1"]

1. e4 c5 2. Nf3 Nc6 3. Nc3 d6 4. Bb5 Bd7 5. Bxc6 Bxc6 6. 0-0 Nf6 7. Re1 g6 8. d3 Bg7 9. Be3 d5 10. Qd2 0-0 11. Bh6 Bh8 12. Bxf8 Qxf8 13. e5 Nd7 14. e6 fxe6 15. Rxe6 Qh6 16. Qxh6 Bg7 17. Qe3 d4 18. Qe2 Nf8 19. Rxe7 dxc3 20. bxc3 Bxf3 21. gxf3 b5 22. Rb1 a6 23. a4 bxa4 24. Rbb7 a3 25. Rxg7+ Kh8 26. Rxh7+ Nxh7 27. Qe5+ Kg8 28. Qg7# 1-0